1199 1004 1888 1521 1738 1063 1677 1605 1493 1937 1238 1782 1817 1067 1481 1112 1607 1190 1791 1443 1258 1701 1499 1739 1933 1383 1035 1790 1086 1894 1086 1248 1122 1188 1149 1442 1137 1342 1447 1629 1758 1550 1178 1646 1197 1833 1545 1978 1519 1580 1797 1075 1163 1571 1499 1990 1213 1050 1880 1657 1235 1361 1569 1446 1504 1756 1047 1235 1249 1821 1006 1005 1350 1612 1753 1307 1757 1769 1007 1413 1241 1813 2000 1499 1854 1998 1130 1081 1059 1710 1961 1801 1685 1043 1784 1204 1625 1312 1064 BCNSPRNW ULIB Ver.6.0+V

เปลี่ยนเป็นภาษาไทย

Change to English
 แสดงรายละเอียดบรรณานุกรม
  กลับหน้าหลัก

Brief Record : Get Marc (ISO 2709) : E-mail record : QR code < ปิดหน้าต่าง
LEADER : 00000nam 2200000uu 4500
001    13399114249
003     ULIB
008    111003s||||||||th 000 0 tha d
020    9789740327639
050  4 HA32^bส882ก
100 0  สุวิมล ติรกานันท์
245 10 การวิเคราะห์ตัวแปรพหุในงานวิจัยทางสังคมศาสตร์/^cสุวิมล ติรกานันท์
250    พิมพ์ครั้งที่ 1
260    กรุงเทพฯ :^bสำนักพิมพ์แห่งจุฬาลงกรณ์มหาวิทยาลัย,^c2553
300    313 หน้า :^bภาพประกอบ
650  7 ตัวแปรพหุ^xการวิจัย
650  7 คาโนนิคอล
650  7 จำแนกพหุ
945    ^p280^l0^i031225
995    ทศพร
999 ^a ทศพร
รายการนี้ยังไม่มีแท็ก
คุณยังไม่ได้ล็อกอิน คุณสามารถมีกิจกรรมร่วมกับเว็บไซต์ได้ แต่ต้องล็อกอินก่อน ::
  ล็อกอิน

รายการสื่อสารสนเทศ

ลำดับที่ ประเภท เลขเรียก/บาร์โค้ด สถานที่ สถานะ
- ไม่พบข้อมูล -

รายการใกล้เคียง
    ผู้แต่ง [สุวิมล ติรกานันท์]

BibComment


ยังไม่เคยถูกคอมเมนท์

คอมเมนท์ทรัพยากรรายการนี้
  คอมเมนท์: การวิเคราะห์ตัวแป..


 Copyright 2026. Bcnsprnw @Library